logo

Bir Sreshtho Munshi Abdur Rouf Library
Jhenaidah Cadet College

The Shorter Novels of Herman Melville / (Record no. 623)

MARC details
000 -LEADER
fixed length control field 00551nam a2200217 a 4500
001 - CONTROL NUMBER
JCCL Control Number 623
003 - CONTROL NUMBER IDENTIFIER
JCCL marc code BD-JhCC
005 - DATE AND TIME OF LATEST TRANSACTION
control field 20180130111603.0
008 - FIXED-LENGTH DATA ELEMENTS--GENERAL INFORMATION
fixed length control field 171007b us ||||| |||| 00| 0 eng d
035 ## - SYSTEM CONTROL NUMBER
system control number (BD-JhCC) 623
040 ## - CATALOGING SOURCE
Original cataloging agency BD-JhCC
Modifying agency BD-JhCC
041 ## - LANGUAGE CODE
Language code of Book eng
082 ## - DEWEY DECIMAL CLASSIFICATION NUMBER
Classification number 808.83
Author mark and Year WEA
100 ## - MAIN ENTRY--PERSONAL NAME
Personal name Weaver, Raymond
245 ## - TITLE STATEMENT
Title The Shorter Novels of Herman Melville /
Statement of responsibility, etc Raymond Weaver
260 ## - PUBLICATION, DISTRIBUTION, ETC. (IMPRINT)
Place of publication, distribution, etc United State :
Name of publisher, distributor, etc Fawcett PubLications
300 ## - PHYSICAL DESCRIPTION
Pagination 272 p. :
Dimensions 18 cm.
650 ## - SUBJECT ADDED ENTRY--TOPICAL TERM
Topical term or geographic name as entry element English Fiction
942 ## - ADDED ENTRY ELEMENTS (KOHA)
Source of classification or shelving scheme Dewey Decimal Classification
Koha item type Books
Holdings
Source of classification or shelving scheme Damaged status Not for loan Home library Current library Shelving location Date of accession Total Checkouts Full call number Barcode Date last seen Copy number Koha item type Source of acquisition Date checked out
Dewey Decimal Classification     JCC Rouf Library JCC Rouf Library General Stacks 10/07/2017   808.83 WEA 1043 10/07/2017 C-1 Books    
Dewey Decimal Classification     JCC Rouf Library JCC Rouf Library General Stacks     808.83 WEA 9246 01/28/2018 C-2 Books Asia Foundation  
Dewey Decimal Classification     JCC Rouf Library JCC Rouf Library General Stacks 08/18/2025 1 808.83 WEA 9368 08/18/2025 C-3 Books   08/18/2025
Dewey Decimal Classification     JCC Rouf Library JCC Rouf Library General Stacks     808.83 WEA 9397 01/30/2018 C-4 Books    
Dewey Decimal Classification     JCC Rouf Library JCC Rouf Library General Stacks 02/07/2018   808.83 WEA 9765 02/07/2018 C-5 Books    
Dewey Decimal Classification     JCC Rouf Library JCC Rouf Library General Stacks 02/07/2018   808.83 WEA 8846 02/07/2018 C-6 Books    
Dewey Decimal Classification     JCC Rouf Library JCC Rouf Library General Stacks 02/11/2018   808.83 WEA 8839 02/11/2018 C-7 Books    
Dewey Decimal Classification     JCC Rouf Library JCC Rouf Library General Stacks 02/17/2018   808.83 WEA 10453 02/17/2018 C-8 Books    

JCC Library | Contacts | JCC Home

Last Update on 23 September 2017
Copyright @ 2017-2020 JCC Rouf Library
Rouf Library, Jhenidah Cadet College (JCC), Bangladesh